| 000 | 00892nas a2200289 4500 | ||
|---|---|---|---|
| 001 | BR2015003782 | ||
| 003 | BR-BrBNA | ||
| 005 | 20231205125500.0 | ||
| 007 | ta | ||
| 008 | 230509b bl.|||p| |||| 00| 00por d | ||
| 040 |
_aBR-BrBNA _bpor _cBiblioteca Nacional de Agricultura |
||
| 041 | _a(En) | ||
| 072 | _aF30 | ||
| 100 | 1 | _aAngelo, P.C. da S. | |
| 100 | 1 | _alopes, R. | |
| 100 | 1 | _aMoraes, L.A.C. | |
| 100 | 1 | _aCunha, R.N.V. da | |
| 245 | 1 |
_aEmbryogenic calli induced in interspecific (Elaeis guineensis X E. oleifera)hybrid zygotic embryos _bNote |
|
| 650 | _aAMAZONAS | ||
| 650 | _aDENDÊ | ||
| 650 | _aCAIAUE | ||
| 650 | _aCULTURA DE TECIDO | ||
| 650 | _aELAEIS OLEIFERA | ||
| 773 | 0 |
_tCrop Breeding and Applied Biotechnology (Brazil) _xISSN 1518-7853 _g(Sept 2009), v. 9(3) p. 274-277 _wBR2015003782 |
|
| 909 |
_a202311 _bLúcia _c55 _dLúcia Elande |
||
| 942 |
_2AGRIS _n0 _cANA |
||
| 999 |
_c244592 _d244592 |
||